|
|
|
|
| LEADER |
00000nam0a2200000 4500 |
| 001 |
282869 |
| 005 |
20231101235535.0 |
| 020 |
|
|
|a RU
|b 84-35800
|
| 035 |
|
|
|a (RuTPU)RU\TPU\book\306865
|
| 090 |
|
|
|a 282869
|
| 100 |
|
|
|a 20150203d1984 k y0rusy5003 ca
|
| 101 |
0 |
|
|a rus
|
| 102 |
|
|
|a UA
|
| 105 |
|
|
|a a z 001zy
|
| 200 |
1 |
|
|a Региональный метаморфизм и метаморфогенное рудообразование
|e сборник научных трудов
|f Академия наук Украинской ССР (АН УССР), Институт геохимии и физики минералов ; под ред. Я. Н. Белевцева
|
| 210 |
|
|
|a Киев
|c Наукова думка
|d 1984
|
| 215 |
|
|
|a 328 с.
|c ил.
|
| 320 |
|
|
|a Библиография в конце статей
|
| 606 |
1 |
|
|a Метаморфизм региональный
|2 stltpush
|3 (RuTPU)RU\TPU\subj\43407
|9 62912
|
| 610 |
1 |
|
|a рудообразование
|
| 610 |
1 |
|
|a метаморфические породы
|
| 610 |
1 |
|
|a метаморфогенные формации
|
| 610 |
1 |
|
|a СССР
|
| 610 |
1 |
|
|a Европейская часть
|
| 610 |
1 |
|
|a металлогения
|
| 610 |
1 |
|
|a докембрий
|
| 610 |
1 |
|
|a докембрийские отложения
|
| 675 |
|
|
|a 552.163
|z rus
|v 4
|
| 702 |
|
1 |
|a Белевцев
|b Я. Н.
|4 340
|
| 712 |
0 |
2 |
|a Академия наук Украинской ССР (АН УССР)
|b Институт геохимии и физики минералов
|2 stltpush
|3 (RuTPU)RU\TPU\col\13747
|
| 801 |
|
0 |
|a RU
|b RuMRKP
|c 19950704
|g psbo
|
| 801 |
|
1 |
|a RU
|b 63413507
|c 20150203
|
| 801 |
|
2 |
|a RU
|b 63413507
|c 20170503
|g RCR
|
| 942 |
|
|
|c BK
|